[Event "WLS Seniors 65+"]
[Site "?"]
[Date "2024.08.16"]
[Round "1.1"]
[White "Van Kemenade, Julie"]
[Black "Fletcher, John"]
[Result "0-1"]
[WhiteElo "1815"]
[BlackElo "2026"]
[Annotator "kemen"]
[PlyCount "64"]
[GameId "2079486711443502"]
[EventDate "2024.08.17"]

{[%evp 0,64,30,23,39,60,40,12,53,47,43,28,38,10,27,12,62,22,22,5,1,-10,-13,-50,-30,-29,-16,-11,-14,-56,-30,-65,-68,-60,-61,-86,-61,-98,-61,-73,-86,-120,-127,-144,-92,-92,1,-165,-163,-172,-172,-233,-220,-380,-200,-229,-236,-283,-202,-227,-217,-372,-209,-320,-320,-330,-320]} 1. e4 c5 2. Nc3 Nc6 3. f4 g6 4. Nf3 Bg7 5. Bc4 d6 6. O-O Nf6 7. d3 e6 8. a3 O-O 9. Ba2 a6 10. Ne2 b5 11. Ng3 Qb6 12. Kh1 Ne7 13. Qe2 Bb7 14. Be3 Ng4 15. Rab1 Nxe3 16. Qxe3 d5 17. Ne5 Qd6 18. Ng4 Qc6 19. Ne5 Qc7 20. Ng4 h5 21. Ne5 Bxe5 22. fxe5 Qxe5 23. Qh6 dxe4 24. dxe4 Rad8 25. Rf2 Bxe4 26. Re2 Nf5 27. Nxf5 Qxf5 28. Rbe1 Rd6 29. h3 Bb7 30. c3 Rfd8 31. Kg1 Rd1 32. Qe3 R8d3 0-1

[Event "WLS Seniors 65+"]
[Site "?"]
[Date "2024.08.16"]
[Round "1.2"]
[White "Binks, Michael"]
[Black "Thomas, Roy"]
[Result "0-1"]
[WhiteElo "1988"]
[BlackElo "1805"]
[PlyCount "44"]
[GameId "2080632705595830"]
[EventDate "2024.08.17"]
[SourceVersionDate "2024.08.20"]

1. d4 f5 2. c4 e6 3. Nc3 Nf6 4. a3 Be7 5. g3 O-O 6. Bg2 d6 7. e3 e5 8. Nge2 Nc6 9. b4 Qe8 10. Bb2 Bd8 11. Nd5 e4 12. Ndc3 Ne7 13. Qd2 a5 14. b5 c6 15. f3 Ng6 16. O-O-O Bd7 17. Qc2 exf3 18. Bxf3 Qxe3+ 19. Qd2 Qxf3 20. Rdf1 Qh5 21. Nf4 Nxf4 22. Qxf4 Qh6 0-1

[Event "WLS Seniors 65+"]
[Site "?"]
[Date "2024.08.16"]
[Round "1.3"]
[White "Quinn, Peter"]
[Black "Van Kemenade, Rudy."]
[Result "1-0"]
[WhiteElo "1758"]
[BlackElo "1946"]
[PlyCount "63"]
[GameId "2079339872100404"]
[EventDate "2024.08.17"]

{[%evp 0,63,29,27,66,13,61,64,64,62,62,27,8,26,28,28,48,60,49,56,106,87,81,70,107,61,130,110,105,77,74,4,20,20,11,21,49,44,51,32,35,7,107,32,128,90,305,302,302,281,350,369,399,306,318,312,470,483,474,460,461,452,459,451,463,463]} 1. Nf3 d6 2. g3 f5 3. d4 Nf6 4. Bg2 g6 5. b3 Bg7 6. Bb2 O-O 7. O-O Qe8 8. c4 c6 9. Nc3 e5 10. dxe5 dxe5 11. e4 f4 12. Qd3 h6 13. Rad1 g5 14. Rd2 g4 15. Ne1 f3 16. Bh1 Nbd7 17. Nc2 Qg6 18. Ba3 Re8 19. Ne3 Bf8 20. Bxf8 Rxf8 21. Nf5 Kh7 22. Qd6 Nxe4 23. Qxg6+ Kxg6 24. Nh4+ Kh7 25. Nxe4 Nf6 26. Re1 Nxe4 27. Rxe4 Bf5 28. Nxf5 Rxf5 29. Rxg4 Raf8 30. Rd7+ R8f7 31. Rxf7+ Rxf7 32. Re4 1-0

[Event "WLS Seniors 65+"]
[Site "?"]
[Date "2024.08.16"]
[Round "1.4"]
[White "Davis, Lee"]
[Black "Hurn, Robert AJ"]
[Result "1-0"]
[WhiteElo "1924"]
[BlackElo "1724"]
[PlyCount "103"]
[GameId "2080635053399912"]
[EventDate "2024.08.17"]
[SourceVersionDate "2024.08.20"]

1. d4 Nf6 2. g3 d5 3. Bg2 c5 4. Nf3 cxd4 5. O-O Nc6 6. Nxd4 e5 7. Nxc6 bxc6 8. c4 Be6 9. Nc3 Rc8 10. Qa4 Qd7 11. Rd1 Be7 12. cxd5 cxd5 13. Qxd7+ Bxd7 14. Nxd5 Rc2 15. Rd2 Rc8 16. Nxe7 Kxe7 17. b3 Bc6 18. Ba3+ Ke8 19. Rc1 Bd7 20. Rxc8+ Bxc8 21. Bb2 Nd7 22. Bc6 f6 23. Ba3 h5 24. Bc5 a6 25. h4 Rh6 26. Rd6 f5 27. Rxh6 gxh6 28. Be3 Ke7 29. Bxh6 Nc5 30. Bf3 a5 31. Bxh5 Ne4 32. Bf3 Nc3 33. Bd2 Nxa2 34. Bd5 Nb4 35. Bxb4+ axb4 36. f3 Kf6 37. Kf2 Kg6 38. Ke3 Ba6 39. g4 f4+ 40. Kd2 Bb5 41. Bc4 Bc6 42. Kd3 Bb7 43. Be6 Ba6+ 44. Kd2 Bb5 45. Bf5+ Kg7 46. g5 Be8 47. Kd3 Bb5+ 48. Ke4 Bxe2 49. h5 Bd1 50. Be6 Be2 51. Bd5 Bd1 52. Kxe5 1-0

[Event "WLS Seniors 65+"]
[Site "?"]
[Date "2024.08.16"]
[Round "1.5"]
[White "Morgan, David"]
[Black "Havard, Gwyn"]
[Result "1/2-1/2"]
[WhiteElo "1686"]
[BlackElo "1887"]
[PlyCount "51"]
[GameId "2080638228641152"]
[EventDate "2024.08.17"]
[SourceVersionDate "2024.08.20"]

1. c4 e5 2. Nc3 Nf6 3. g3 c6 4. Nf3 e4 5. Nd4 d5 6. cxd5 cxd5 7. d3 Bc5 8. Nb3 Qe7 9. Nxc5 Qxc5 10. dxe4 dxe4 11. Bf4 Nc6 12. Bg2 Bf5 13. Bd6 Qd4 14. O-O O-O-O 15. Qxd4 Nxd4 16. Be5 Rhe8 17. Bf4 Nd5 18. Rfc1 Nxf4 19. gxf4 Kb8 20. e3 Nf3+ 21. Bxf3 exf3 22. Rd1 Rxd1+ 23. Rxd1 Re6 24. Rd2 Rg6+ 25. Kh1 Bh3 26. Nb5 1/2-1/2

[Event "WLS Seniors 65+"]
[Site "?"]
[Date "2024.08.16"]
[Round "1.6"]
[White "Phillips, William"]
[Black "Williams, Stephen"]
[Result "1-0"]
[WhiteElo "1879"]
[BlackElo "1674"]
[PlyCount "75"]
[GameId "2080639928743929"]
[EventDate "2024.08.17"]
[SourceVersionDate "2024.08.20"]

1. d4 Nf6 2. Nf3 g6 3. Nc3 d5 4. Bf4 Bg7 5. e3 c6 6. Bd3 Nbd7 7. h3 O-O 8. O-O Re8 9. Bh2 Nb6 10. Re1 a5 11. e4 dxe4 12. Nxe4 Nfd5 13. c3 a4 14. a3 Nd7 15. Qc2 N7f6 16. Rad1 Nh5 17. Qc1 b6 18. c4 Nc7 19. d5 c5 20. d6 Ne6 21. dxe7 Rxe7 22. Nd6 Rd7 23. Be4 Raa7 24. Bc6 Nf6 25. Bxd7 Bxd7 26. Nb5 Ra8 27. Ne5 Qc8 28. Nxd7 Nxd7 29. Rd6 Nd4 30. Nxd4 Bxd4 31. Re7 Nf8 32. Qf4 f6 33. Rxf6 Qd8 34. Rff7 Bxb2 35. Bg3 Qd1+ 36. Kh2 Rd8 37. Rg7+ Bxg7 38. Qf7+ 1-0

[Event "WLS Seniors 65+"]
[Site "?"]
[Date "2024.08.17"]
[Round "2.1"]
[White "Fletcher, John"]
[Black "Phillips, William"]
[Result "1-0"]
[WhiteElo "2026"]
[BlackElo "1879"]
[PlyCount "120"]
[GameId "2080643096033686"]
[EventDate "2024.08.17"]
[SourceVersionDate "2024.08.20"]

1. d4 Nf6 2. Nc3 d5 3. Bf4 e6 4. e3 Bd6 5. Bxd6 cxd6 6. Bd3 e5 7. Nge2 O-O 8. Bb5 Nc6 9. O-O Be6 10. f4 Ng4 11. Qd2 f5 12. h3 Nf6 13. dxe5 dxe5 14. fxe5 Nxe5 15. Nf4 Bf7 16. Rad1 Nc4 17. Bxc4 dxc4 18. Qd4 Qxd4 19. exd4 g5 20. Nfe2 f4 21. g3 Nd5 22. Nxd5 Bxd5 23. gxf4 gxf4 24. Rxf4 Rxf4 25. Nxf4 Be4 26. c3 Rf8 27. Rf1 Rf6 28. Rf2 Kf7 29. Ng2 Rxf2 30. Kxf2 Kf6 31. Ne3 b5 32. Kg3 a5 33. Kf4 Bc6 34. Ng4+ Ke6 35. h4 Be8 36. d5+ Kd6 37. Ke4 Kc5 38. Ke5 b4 39. Nf6 Bg6 40. a3 bxa3 41. bxa3 Bd3 42. d6 Kc6 43. d7 Kc7 44. Ke6 Kd8 45. Kd6 Bf5 46. Ke5 Bd3 47. Ke6 Bf1 48. Nxh7 Bh3+ 49. Kd5 Bxd7 50. Kxc4 Ke7 51. Kd5 Be6+ 52. Ke5 Bb3 53. Ng5 Kf8 54. Kf6 Kg8 55. h5 Bc4 56. h6 Bd3 57. h7+ Kh8 58. Ke5 Bg6 59. c4 Be8 60. Kd6 a4 1-0

[Event "WLS Seniors 65+"]
[Site "?"]
[Date "2024.08.17"]
[Round "2.2"]
[White "Thomas, Roy"]
[Black "Davis, Lee"]
[Result "1/2-1/2"]
[WhiteElo "1805"]
[BlackElo "1944"]
[PlyCount "77"]
[GameId "2080651239423892"]
[EventDate "2024.08.17"]
[SourceVersionDate "2024.08.20"]

1. f4 g6 2. Nf3 Bg7 3. e3 d6 4. d4 Nf6 5. Be2 O-O 6. O-O Nbd7 7. Na3 c5 8. c3 b6 9. d5 Bb7 10. c4 a6 11. Qd3 b5 12. e4 bxc4 13. Nxc4 Nb6 14. Rb1 Nxc4 15. Qxc4 a5 16. Qc2 Qb6 17. Bc4 Ba6 18. b3 Nd7 19. Bb2 Bxb2 20. Rxb2 Qc7 21. Qd3 Bxc4 22. bxc4 Rfb8 23. Rxb8+ Rxb8 24. Rb1 Rb4 25. a3 Rb6 26. Nd2 Qb8 27. Rxb6 Qxb6 28. Qb3 Qxb3 29. Nxb3 a4 30. Nd2 Nb6 31. Kf2 e6 32. Ke3 Kf8 33. Kd3 Ke7 34. g4 h6 35. f5 Nd7 36. Nf3 exf5 37. exf5 Kf6 38. fxg6 fxg6 39. Ke4 1/2-1/2

[Event "WLS Seniors 65+"]
[Site "?"]
[Date "2024.08.17"]
[Round "2.3"]
[White "Saunders, Walter NR"]
[Black "Quinn, Peter"]
[Result "1/2-1/2"]
[WhiteElo "1969"]
[BlackElo "1758"]
[PlyCount "105"]
[GameId "2080654426030888"]
[EventDate "2024.08.17"]
[SourceVersionDate "2024.08.20"]

1. Nf3 Nf6 2. c4 c5 3. g3 Nc6 4. Bg2 g6 5. O-O Bg7 6. Nc3 O-O 7. e4 d6 8. d3 a6 9. h3 e6 10. Be3 Qc7 11. Rc1 Rb8 12. Qd2 b5 13. cxb5 axb5 14. e5 dxe5 15. Bxc5 Rd8 16. Qe3 Nd5 17. Nxd5 exd5 18. d4 e4 19. Nd2 Be6 20. Nb3 Qd7 21. Kh2 Ra8 22. a3 h5 23. Rc2 Kh7 24. Qe2 Rdb8 25. f3 exf3 26. Qxf3 Ra4 27. Rd2 Na5 28. Nxa5 Rxa5 29. Rdf2 Rb7 30. Qd3 Kg8 31. Qd2 Ra4 32. Qf4 Ra6 33. Qg5 Ra4 34. Rd1 Kh7 35. Bf1 Bh6 36. Qe5 Bg7 37. Qf4 Bh6 38. Qf3 Bg7 39. Bd3 Kg8 40. Qg2 Bxd4 41. Bxd4 Rxd4 42. Bxb5 Rxd1 43. Bxd7 Rxd7 44. Qf3 Rb1 45. Qd3 Bf5 46. Rxf5 Rxb2+ 47. Kg1 gxf5 48. Qxf5 Rbb7 49. Qxh5 d4 50. Qg5+ Kf8 51. Qc5+ Kg8 52. Qg5+ Kf8 53. Qc5+ 1/2-1/2

[Event "WLS Seniors 65+"]
[Site "?"]
[Date "2024.08.17"]
[Round "2.4"]
[White "Havard, Gwyn"]
[Black "Probert, Malcolm"]
[Result "1-0"]
[WhiteElo "1887"]
[BlackElo "1741"]
[PlyCount "33"]
[GameId "2080658221381114"]
[EventDate "2024.08.17"]
[SourceVersionDate "2024.08.20"]

1. e4 d5 2. exd5 Qxd5 3. Nc3 Qd6 4. d4 g6 5. Bc4 Bg7 6. Nge2 Nf6 7. Bf4 Qb4 8. Bb3 c6 9. O-O O-O 10. Qd2 Nbd7 11. Rfe1 Nb6 12. a3 Qa5 13. Ng3 Nbd5 14. Nxd5 Qxd2 15. Nxf6+ Bxf6 16. Bxd2 Bxd4 17. c3 1-0

[Event "WLS Seniors 65+"]
[Site "?"]
[Date "2024.08.17"]
[Round "2.5"]
[White "Van Kemenade, Rudy"]
[Black "Morgan, David"]
[Result "1-0"]
[WhiteElo "1946"]
[BlackElo "1686"]
[PlyCount "101"]
[GameId "2079829085175844"]
[EventDate "2024.08.18"]

1. e4 c5 2. Nf3 Nc6 3. Bb5 e5 4. O-O Bd6 5. c3 a6 6. Ba4 Nf6 7. Re1 O-O 8. d4 cxd4 9. cxd4 b5 10. Bc2 Bb4 11. dxe5 Ng4 12. Nc3 Bb7 13. Bf4 Re8 14. Re2 Ngxe5 15. Nxe5 Nxe5 16. Nd5 Bc5 17. b4 Ba7 18. Bb3 Rc8 19. Rc1 Rxc1 20. Bxc1 Nc4 21. Bxc4 bxc4 22. Be3 Bxd5 23. Qxd5 Bxe3 24. Rxe3 Qc7 25. Rc3 Rc8 26. e5 Qc6 27. Qxc6 Rxc6 28. f4 f6 29. exf6 gxf6 30. Kf2 d5 31. Ke3 Rb6 32. a3 Kf7 33. Kd4 Rb5 34. f5 a5 35. bxa5 Rxa5 36. g4 Kf8 37. a4 Kf7 38. Ra3 Kg7 39. Kc3 Kh6 40. Kb4 Ra8 41. a5 Kg5 42. h3 Kf4 43. a6 h5 44. gxh5 Kxf5 45. Kb5 Kg5 46. Kb6 Rb8+ 47. Kc5 Rb3 48. Ra1 Rb8 49. a7 Ra8 50. Kxd5 c3 51. Kc6 1-0

[Event "WLS Seniors 65+"]
[Site "?"]
[Date "2024.08.17"]
[Round "2.6"]
[White "Hurn, Robert AJ"]
[Black "Binks, Michael"]
[Result "0-1"]
[WhiteElo "1724"]
[BlackElo "1988"]
[PlyCount "112"]
[GameId "2080664437971085"]
[EventDate "2024.08.18"]
[SourceVersionDate "2024.08.20"]

1. d4 Nf6 2. c4 e6 3. Nc3 d5 4. cxd5 exd5 5. Bg5 Be7 6. e3 c6 7. Qc2 Nbd7 8. Bd3 h6 9. Bh4 O-O 10. Nge2 Re8 11. O-O Ne4 12. Bxe7 Qxe7 13. Rae1 Ndf6 14. Nc1 Bd7 15. Nb3 b6 16. f3 Nxc3 17. bxc3 c5 18. dxc5 bxc5 19. c4 Rac8 20. Nd2 Rb8 21. e4 dxe4 22. Nxe4 Nxe4 23. Rxe4 Qf6 24. Rfe1 Rxe4 25. Bxe4 Qd4+ 26. Kh1 Rb2 27. Qd3 Qxd3 28. Bxd3 Rxa2 29. h4 Rd2 30. Be4 Be6 31. Ra1 f5 32. Bc6 Rd4 33. Rxa7 Rxh4+ 34. Kg1 Rxc4 35. Re7 Bf7 36. Re5 g6 37. Kf2 Kg7 38. Re7 Rc2+ 39. Kg3 Kf6 40. Rc7 Be6 41. Ba4 f4+ 42. Kh2 Rc1 43. Rc6 Ke5 44. Rc7 Kd4 45. Be8 Bf5 46. Rg7 c4 47. Bxg6 Bxg6 48. Rxg6 c3 49. Rxh6 Rb1 50. Rc6 Rb4 51. Rd6+ Ke3 52. Rc6 Kd3 53. g4 Rc4 54. Rd6+ Ke2 55. g5 c2 56. Re6+ Kf2 0-1

[Event "WLS Seniors 65+"]
[Site "?"]
[Date "2024.08.17"]
[Round "2.7"]
[White "Williams, Stephen"]
[Black "Van Kemenade, Julie"]
[Result "0-1"]
[WhiteElo "1674"]
[BlackElo "1815"]
[Annotator "kemen"]
[PlyCount "70"]
[GameId "2080200215993241"]
[EventDate "2024.08.20"]

{[%evp 0,70,19,31,76,82,64,55,36,26,59,-24,10,10,51,43,35,26,30,4,4,4,13,13,35,18,18,6,2,18,58,58,62,40,114,136,284,83,77,99,99,27,-8,-11,82,79,79,-33,-22,-18,-18,-19,-21,-22,99,-31,-25,-39,-4,-11,-31,-76,-29,-29,0,0,208,188,292,286,326,-861,-971]} 1. e4 d6 2. Nc3 e5 3. Bc4 Nf6 4. d3 c6 5. f4 Be7 6. Nf3 Qc7 7. O-O O-O 8. fxe5 dxe5 9. Qe1 b5 10. Bb3 a5 11. a4 b4 12. Ne2 Nbd7 13. Ng3 Nc5 14. Bc4 Ne6 15. Nf5 Bc5+ 16. Kh1 Nd4 17. N3xd4 Bxd4 18. Qg3 Bxf5 19. Rxf5 Kh8 20. Bh6 Ne8 21. Raf1 f6 22. Bc1 Nd6 23. R5f3 Nxc4 24. dxc4 Rad8 25. b3 Rd6 26. Qg4 Bc3 27. Rd3 Rfd8 $11 28. Rff3 Rd4 29. Rh3 Qf7 30. Qh4 g6 31. Rhf3 Rxd3 32. cxd3 Rf8 33. Bh6 g5 34. Bxg5 fxg5 35. Rxf7 Rxf7 0-1

[Event "WLS Seniors 65+"]
[Site "?"]
[Date "2024.08.17"]
[Round "3.1"]
[White "Davis, Lee"]
[Black "Fletcher, John"]
[Result "1/2-1/2"]
[WhiteElo "1944"]
[BlackElo "2026"]
[Annotator "kemen"]
[PlyCount "46"]
[GameId "2080688720215193"]
[EventDate "2024.08.20"]
[SourceVersionDate "2024.08.20"]

1. d4 d5 2. g3 Bf5 3. Bg2 e6 4. Nf3 Be7 5. O-O h6 6. c4 c6 7. Nc3 Nf6 8. Qb3 Qb6 9. c5 Qxb3 10. axb3 Na6 11. Bf4 g5 12. Bd2 Ne4 13. Nxe4 Bxe4 14. Ne5 Bxg2 15. Kxg2 Nc7 16. f4 f6 17. Ng6 Rg8 18. Nxe7 Kxe7 19. Rae1 f5 20. Ra1 $11 g4 21. Rh1 Ne8 22. h4 Nf6 23. Ra4 Kd7 $11 1/2-1/2

[Event "WLS Seniors 65+"]
[Site "?"]
[Date "2024.08.17"]
[Round "3.2"]
[White "Quinn, Peter"]
[Black "Havard, Gwyn"]
[Result "1/2-1/2"]
[WhiteElo "1758"]
[BlackElo "1887"]
[PlyCount "46"]
[GameId "2080692147688420"]
[EventDate "2024.08.20"]
[SourceVersionDate "2024.08.20"]

1. e4 d5 2. exd5 Nf6 3. Bc4 Nxd5 4. d4 Bf5 5. c3 e6 6. Nf3 Nd7 7. Bxd5 exd5 8. Bf4 Be7 9. h3 c5 10. dxc5 Nxc5 11. O-O Nd3 12. Nd4 Qd7 13. Bg3 O-O 14. Qb3 Nc5 15. Qd1 Bg6 16. Nd2 Rae8 17. N2f3 Bf6 18. Bh4 Bxh4 19. Nxh4 Bd3 20. Re1 Rxe1+ 21. Qxe1 Re8 22. Qd2 Qe7 23. Nhf3 Bg6 1/2-1/2

[Event "WLS Seniors 65+"]
[Site "?"]
[Date "2024.08.17"]
[Round "3.3"]
[White "Phillips, William"]
[Black "Thomas, Roy"]
[Result "1-0"]
[WhiteElo "1879"]
[BlackElo "1805"]
[PlyCount "113"]
[GameId "2080694080845402"]
[EventDate "2024.08.20"]
[SourceVersionDate "2024.08.20"]

1. d4 f5 2. Nf3 Nf6 3. g3 e6 4. Bg2 Be7 5. O-O O-O 6. c4 d6 7. Nc3 a5 8. b3 Qe8 9. Re1 Ne4 10. Qc2 Nxc3 11. Qxc3 c6 12. Bg5 Bxg5 13. Nxg5 h6 14. Nh3 d5 15. f3 g5 16. Qe3 Qg6 17. Rf1 Na6 18. Qe5 Bd7 19. e4 Rae8 20. Qd6 Qg7 21. Qe5 Qxe5 22. dxe5 fxe4 23. fxe4 d4 24. Nf2 h5 25. Nd3 c5 26. Rf6 Re7 27. Raf1 Rff7 28. Rg6+ Rg7 29. Rgf6 Ref7 30. h4 gxh4 31. gxh4 Bc6 32. Kh2 Rxf6 33. exf6 Rxg2+ 34. Kxg2 Bxe4+ 35. Rf3 Bxf3+ 36. Kxf3 Kf7 37. Nf4 Kxf6 38. Nxh5+ Kg6 39. Nf4+ Kf5 40. a3 Nc7 41. h5 Ne8 42. Nd3 b6 43. h6 Nf6 44. Nf4 e5 45. Nd5 e4+ 46. Ke2 d3+ 47. Kd2 Kg6 48. Nxb6 Kxh6 49. Na4 Kg5 50. Nxc5 Kf4 51. Nxd3+ Kf3 52. Ne1+ Kf2 53. Nc2 Nd7 54. b4 axb4 55. axb4 Nb6 56. c5 Nc4+ 57. Kc3 1-0

[Event "WLS Seniors 65+"]
[Site "?"]
[Date "2024.08.17"]
[Round "3.4"]
[White "Binks, Michael"]
[Black "Van Kemenade, Rudy"]
[Result "0-1"]
[WhiteElo "1988"]
[BlackElo "1946"]
[PlyCount "106"]
[GameId "2080217836406144"]
[EventDate "2024.08.19"]

1. d4 Nf6 2. c4 e5 3. dxe5 Ng4 4. e4 h5 5. Be2 Nc6 6. Bxg4 hxg4 7. Qxg4 d5 8. Qd1 d4 9. Nf3 Bg4 10. Bf4 Bb4+ 11. Nbd2 Qe7 12. Qb3 Bxf3 13. gxf3 O-O-O 14. O-O-O Bxd2+ 15. Rxd2 Nxe5 16. Bg3 Rh6 17. Qd1 c5 18. b3 Nc6 19. Re1 Re6 20. a3 Re8 21. Kb1 f5 22. Rde2 g5 23. h4 f4 24. Bh2 Qh7 25. Rh1 Rh6 26. Qg1 Rxh4 27. Qxg5 Rxh2 28. Rhe1 Ne5 29. Qxf4 Rh3 30. Qf5+ Nd7 31. Qxh7 Rxh7 32. f4 Rh4 33. e5 Rxf4 34. e6 Nf8 35. Re5 b6 36. b4 cxb4 37. axb4 d3 38. R1e4 Rxe4 39. Rxe4 Rxe6 40. Rd4 Re1+ 41. Kb2 Re2+ 42. Kc3 Rxf2 43. Rxd3 Ne6 44. Re3 Kd7 45. Rd3+ Kc6 46. Kb3 Rf3 47. Rc3 Rxc3+ 48. Kxc3 Kd6 49. Kd3 Ke5 50. Ke3 Nc7 51. Kd3 Na6 52. Kc3 Ke4 53. c5 b5 0-1

[Event "WLS Seniors 65+"]
[Site "?"]
[Date "2024.08.17"]
[Round "3.5"]
[White "Van Kemenade, Rudy"]
[Black "Saunders, Watler RN"]
[Result "1-0"]
[WhiteElo "1815"]
[BlackElo "1969"]
[PlyCount "79"]
[GameId "2080265754642490"]
[EventDate "2024.08.20"]

1. e4 e6 2. d3 c5 3. g3 Nc6 4. Nf3 d6 5. c3 Nf6 6. Bg2 Bd7 7. Nbd2 b5 8. O-O Be7 9. Re1 e5 10. Nf1 b4 11. Ne3 bxc3 12. bxc3 g6 13. Nd5 Nxd5 14. exd5 Na5 15. d4 cxd4 16. cxd4 e4 17. Rxe4 O-O 18. Bh6 Re8 19. Qe2 Bf5 20. Re3 Bf6 21. Re1 Rxe3 22. fxe3 Be4 23. Nd2 Bxg2 24. Qxg2 Rc8 25. Nf3 Nc4 26. e4 Qb6 27. Qf2 Bg7 28. Bxg7 Kxg7 29. e5 Qb7 30. e6 Qxd5 31. Ng5 f6 32. Nxh7 Kxh7 33. Qxf6 Qf5 34. Qe7+ Kh6 35. Rf1 Qe4 36. Rf4 Qe1+ 37. Kg2 Ne3+ 38. Kh3 Nf5 39. Qf6 Qe2 40. Rxf5 1-0

[Event "WLS Seniors 65+"]
[Site "?"]
[Date "2024.08.17"]
[Round "3.6"]
[White "Probert, Malcolm"]
[Black "Morgan, David"]
[Result "1/2-1/2"]
[WhiteElo "1741"]
[BlackElo "1686"]
[PlyCount "77"]
[GameId "2080699127577196"]
[EventDate "2024.08.20"]
[SourceVersionDate "2024.08.20"]

1. Nf3 c5 2. c4 g6 3. g3 Bg7 4. Bg2 Nc6 5. O-O d6 6. Nc3 Rb8 7. Rb1 Nf6 8. d4 cxd4 9. Nxd4 O-O 10. Nc2 Na5 11. b3 a6 12. Ne3 b5 13. cxb5 axb5 14. Ncd5 Nxd5 15. Nxd5 e6 16. Nb4 d5 17. Bf4 e5 18. Bd2 d4 19. Qc1 Bb7 20. Bxb7 Rxb7 21. Nd3 Ra7 22. Qc5 Qb8 23. Rfc1 Re8 24. a4 Bf8 25. Qd5 e4 26. Nc5 e3 27. fxe3 dxe3 28. Bxa5 Rxa5 29. Nd7 Qd8 30. Rf1 Bg7 31. Rxf7 Kh8 32. Rbf1 bxa4 33. Qd6 axb3 34. Rxg7 Kxg7 35. Qd4+ Rae5 36. Rd1 Qe7 37. Nxe5 Qxe5 38. Qxe5+ Rxe5 39. Rd7+ 1/2-1/2

[Event "WLS Seniors 65+"]
[Site "?"]
[Date "2024.08.17"]
[Round "3.7"]
[White "Williams, Stephen"]
[Black "Hurn, Robert AJ"]
[Result "1/2-1/2"]
[WhiteElo "1674"]
[BlackElo "1724"]
[Annotator "kemen"]
[PlyCount "45"]
[GameId "2080703802572375"]
[EventDate "2024.08.20"]
[SourceVersionDate "2024.08.20"]

1. e4 c5 2. Nc3 Nc6 3. Bb5 Nd4 4. Nf3 g6 5. O-O Bg7 6. d3 Nxb5 7. Nxb5 d6 8. c4 Bg4 9. h3 Bxf3 10. Qxf3 a6 11. Nc3 e6 12. Rb1 Ne7 13. Bg5 O-O 14. Bf6 Bxf6 15. Qxf6 Nc6 16. Qf3 Nd4 17. Qd1 Qg5 18. b4 cxb4 19. Rxb4 b5 20. cxb5 Nxb5 21. Nxb5 axb5 22. Qb3 Rfb8 23. Rd1 $11 1/2-1/2

[Event "WLS Seniors 65+"]
[Site "?"]
[Date "2024.08.18"]
[Round "4.1"]
[White "Fletcher, John"]
[Black "Quinn, Peter"]
[Result "1/2-1/2"]
[WhiteElo "2026"]
[BlackElo "1758"]
[Annotator "kemen"]
[PlyCount "35"]
[GameId "2082009160464844"]
[EventDate "2024.08.24"]
[SourceVersionDate "2024.08.24"]

{[%evp 0,15,16,10,45,48,66,56,64,51,45,31,36,23,70,70,77,68]} 1. e4 c5 2. Nf3 g6 3. Nc3 Bg7 4. Bc4 Nc6 5. O-O Nf6 6. e5 Nh5 7. Re1 O-O 8. d3 d6 9. exd6 exd6 10. Bg5 Bf6 11. Qd2 Bg4 12. Bd5 Bxf3 13. Bxf6 Nxf6 14. Bxf3 Qd7 15. Qg5 Kg7 16. Nd5 Nxd5 17. Bxd5 Rae8 18. Bxc6 $11 1/2-1/2

[Event "WLS Seniors 65+"]
[Site "?"]
[Date "2024.08.18"]
[Round "4.2"]
[White "Van Kemenade, Rudy"]
[Black "Phillips, William"]
[Result "1-0"]
[WhiteElo "1946"]
[BlackElo "1879"]
[PlyCount "135"]
[GameId "2080281463909508"]
[EventDate "2024.08.24"]

1. e4 d6 2. d4 Nf6 3. Nc3 g6 4. g3 Bg7 5. Bg2 c6 6. a4 Qc7 7. h3 O-O 8. Nge2 e5 9. Be3 Bd7 10. O-O a6 11. a5 exd4 12. Nxd4 c5 13. Nde2 Nc6 14. Bf4 Ne5 15. g4 Bc6 16. Bg5 Rfe8 17. Ng3 h6 18. Bf4 Rad8 19. b3 Nh7 20. Qd2 Ng5 21. f3 Qe7 22. Be3 Nd7 23. Rad1 Kh7 24. Nd5 Bxd5 25. Qxd5 Nf8 26. Rfe1 Qe5 27. Qxe5 dxe5 28. Bxc5 Nfe6 29. Bb6 Rxd1 30. Rxd1 Nd4 31. Bxd4 exd4 32. Ne2 Ne6 33. f4 Nc5 34. e5 f6 35. b4 Na4 36. Rxd4 fxe5 37. Rd7 e4 38. Rxb7 Kh8 39. c4 Nc3 40. Nxc3 Bxc3 41. Kf2 Bd4+ 42. Ke2 Bg1 43. b5 axb5 44. cxb5 e3 45. a6 Rd8 46. a7 Rd2+ 47. Kf3 Rf2+ 48. Ke4 Ra2 49. Rb8+ Kg7 50. a8=Q Rxa8 51. Rxa8 e2 52. Ra1 Bf2 53. Bf1 e1=Q+ 54. Rxe1 Bxe1 55. b6 Ba5 56. b7 Bc7 57. f5 Kf6 58. fxg6 Kxg6 59. h4 Kf6 60. Bc4 Bb8 61. Kd5 Ke7 62. Bd3 Bc7 63. Bg6 Bb8 64. Bh5 Bc7 65. Kc6 Bb8 66. g5 Bg3 67. g6 Kf6 68. Kd7 1-0

[Event "WLS Seniors 65+"]
[Site "?"]
[Date "2024.08.18"]
[Round "4.3"]
[White "Havard, Gwyn"]
[Black "Davis, Lee"]
[Result "0-1"]
[WhiteElo "1887"]
[BlackElo "1944"]
[Annotator "kemen"]
[PlyCount "100"]
[GameId "2082013572411575"]
[EventDate "2024.08.24"]
[SourceVersionDate "2024.08.24"]

{[%evp 0,23,22,16,91,77,75,34,33,33,33,15,27,28,15,15,74,75,63,40,32,30,47,48,40,43]} 1. e4 g6 2. d4 d6 3. c4 Nf6 4. Nc3 Bg7 5. Bd3 Nc6 6. Nge2 e5 7. d5 Ne7 8. O-O O-O 9. f4 exf4 10. Bxf4 Ng4 11. Rc1 Ne5 12. h3 f5 13. Bxe5 Bxe5 14. Qd2 fxe4 15. Bxe4 Nf5 16. Rf3 Bd7 17. Rcf1 Qe7 18. g4 Ng7 19. Qh6 Rxf3 20. Rxf3 Rf8 21. Rxf8+ Qxf8 22. Qh4 Qf6 23. Qxf6 Bxf6 24. Kg2 Be5 25. Kf3 Ne8 26. b3 Nf6 27. Bd3 a6 28. Ne4 Nxe4 29. Bxe4 Kg7 30. Nf4 Kf6 31. h4 Ke7 32. h5 gxh5 33. gxh5 h6 34. Ng6+ Kf6 35. Nxe5 Kxe5 36. Bg6 Bf5 37. Be8 Bb1 38. a3 Ba2 39. Ba4 Bb1 40. Ke3 Bc2 41. Kd2 Bf5 42. Kc3 Bg4 43. Be8 Kf6 44. b4 Kg5 45. b5 Bxh5 46. bxa6 bxa6 47. Bb5 axb5 48. cxb5 Bd1 49. Kb4 h5 50. a4 Bxa4 0-1

[Event "WLS Seniors 65+"]
[Site "?"]
[Date "2024.08.18"]
[Round "4.4"]
[White "Thomas, Roy"]
[Black "Van Kemenade, Julie"]
[Result "1-0"]
[WhiteElo "1805"]
[BlackElo "1815"]
[PlyCount "86"]
[GameId "2080307237521619"]
[EventDate "2024.08.19"]

1. c4 d6 2. Nc3 e5 3. g3 Nd7 4. Bg2 g6 5. e3 f5 6. Nge2 Bg7 7. O-O Ngf6 8. d4 O-O 9. b4 c6 10. Qb3 Kh8 11. Bb2 Qe7 12. a4 Ne8 13. b5 e4 14. Nf4 Ndf6 15. f3 g5 16. Nfe2 exf3 17. Rxf3 Ng4 18. Nd1 Bd7 19. h3 Nh6 20. Rf2 Nf6 21. Nec3 Qf7 22. Re2 Qh5 23. Nf2 Rae8 24. Rae1 Qg6 25. Qc2 Nh5 26. Kh2 Qf7 27. d5 Nxg3 28. Rd2 f4 29. e4 f3 30. Ncd1 fxg2 31. Bxg7+ Kxg7 32. Qc3+ Qf6 33. Qxg3 Qf4 34. Qxf4 gxf4 35. Kxg2 f3+ 36. Kh2 Re5 37. Rg1+ Kf7 38. Ne3 Rh5 39. Rg3 Ke8 40. bxc6 bxc6 41. Rb2 cxd5 42. Rb8+ Ke7 43. Nxd5+ Ke6 1-0

[Event "WLS Seniors 65+"]
[Site "?"]
[Date "2024.08.18"]
[Round "4.5"]
[White "Morgan, David"]
[Black "Binks, Michael"]
[Result "1-0"]
[WhiteElo "1686"]
[BlackElo "1988"]
[PlyCount "67"]
[GameId "2082021517066293"]
[EventDate "2024.08.24"]
[SourceVersionDate "2024.08.24"]

1. c4 e5 2. Nc3 g6 3. g3 Bg7 4. Bg2 d6 5. e4 Be6 6. d3 Nc6 7. Nge2 Qd7 8. h3 Nge7 9. Rb1 O-O 10. b4 a6 11. Nd5 Rab8 12. b5 axb5 13. cxb5 Nd4 14. Nxe7+ Qxe7 15. Nxd4 exd4 16. a4 d5 17. Kf1 dxe4 18. Bxe4 f5 19. Bf3 Qd7 20. Bf4 b6 21. Kg2 Bd5 22. Rc1 Rbc8 23. Re1 Bf6 24. h4 Be7 25. Re5 Bf7 26. Bc6 Qd6 27. Rxf5 Qd8 28. Re5 Bd6 29. Re4 Bxf4 30. Rxf4 g5 31. hxg5 Bg6 32. Rxf8+ Qxf8 33. Bd5+ Kh8 34. Qg4 1-0